000 00327 a2200145 4500
001 164358
020 _a
040 _cMagnum
100 _aBastos, Maria Helena Camara
240 1 0 _aA escola elementar no seculo xix
_lpor
245 1 0 _aA escola elementar no seculo xix
362 0 _a1899
697 _aENSINO
942 _cBK
999 _c164358
_d164358